| 000 | 00350nam a22001337a 4500 | ||
|---|---|---|---|
| 008 | 171003b xxu||||| |||| 00| 0 eng d | ||
| 020 | _a076714004504 | ||
| 041 | _aeng | ||
| 080 | _a159.9 | ||
| 100 | _a48 | ||
| 101 | _aPSI | ||
| 245 |
_aHOW TO DEVELOP SELF CONFIDENCE AN D INFLUENCE PEOPLE PUBLIC SPEAKING _cDALE.C |
||
| 942 |
_2udc _cBK |
||
| 999 |
_c31524 _d31524 |
||